| 000 | 00601nam a2200193Ia 4500 | ||
|---|---|---|---|
| 001 | 12859 | ||
| 003 | GE_BSU | ||
| 008 | 181216s||||||||xx |||||||||||||| ||und|| | ||
| 040 | _cGE_BSU | ||
| 080 | _a550.35 | ||
| 245 | _aРадиоактивность почв и методы ее определения | ||
| 245 | _cРед.колл.Антипов-Каратаев И.Н. и др. | ||
| 260 | _aМосква | ||
| 260 | _bНаука | ||
| 260 | _c1966 | ||
| 300 | _a258стр.20см. | ||
| 653 | _aРадиоактивность почв и методы ее определения | ||
| 942 | _cBK | ||
| 999 |
_c46029 _d46029 |
||